<?xml version="1.0" encoding="UTF-8"?>
<marc:record xmlns:marc="http://www.loc.gov/MARC21/slim">
   <marc:leader>00000nam a2200000 a 4500</marc:leader>
   <marc:datafield ind1="1" ind2=" " tag="100">
      <marc:subfield code="a">Pantermüller, Alice</marc:subfield>
      <marc:subfield code="4">aut</marc:subfield>
      <marc:subfield code="e">Verfasser/-in</marc:subfield>
   </marc:datafield>
   <marc:datafield ind1="0" ind2="0" tag="245">
      <marc:subfield code="a">Mein Lotta-Leben - Alles Bingo mit Flamingo</marc:subfield>
   </marc:datafield>
   <marc:datafield ind1="0" ind2="0" tag="245">
      <marc:subfield code="b">[das Buch zum Film mit vielen Filmfotos!!!]</marc:subfield>
   </marc:datafield>
   <marc:datafield ind1="0" ind2="0" tag="245">
      <marc:subfield code="c">Pantermüller, Alice</marc:subfield>
   </marc:datafield>
   <marc:datafield ind1=" " ind2="1" tag="264">
      <marc:subfield code="a">Würzburg</marc:subfield>
      <marc:subfield code="b">Arena Verlag</marc:subfield>
      <marc:subfield code="c">2019</marc:subfield>
   </marc:datafield>
   <marc:datafield ind1="1" ind2=" " tag="490">
      <marc:subfield code="a">Mein Lotta-Leben</marc:subfield>
   </marc:datafield>
   <marc:datafield ind1=" " ind2=" " tag="250">
      <marc:subfield code="a">1. Auflage</marc:subfield>
   </marc:datafield>
   <marc:datafield ind1="1" ind2=" " tag="520">
      <marc:subfield code="a">Voll fies! Die hochnäsige Berenike von Bödecker hat wirklich alle zu ihrem Geburtstag eingeladen. Sogar Paul. Nur Lotta und Cheyenne nicht. Und dabei haben sie sich in letzter Zeit doch echt Mühe gegeben, nett zu Berenike und ihren blöden Lämmer-Girls zu sein. Klar, dass Lotta und Cheyenne, sich das nicht gefallen lassen! Doch sogar ihre Idee, den berühmten Sänger Marlon mit zur Party zu bringen, scheitert. Und dann scheint sich auch noch Cheyenne gegen Lotta zu verschwören. Da wird doch echt der Flamingo verrückt.&#xD;
&#xD;
Das Buch zum Kinofilm von Neele Leana Vollmar („Rico, Oskar und die Tieferschatten“) nach einem Drehbuch von Bettina Börgerding („Bibi und Tina“-Reihe, „Benjamin Blümchen“) mit vielen deutschen Stars (Laura Tonke, Oliver Mommsen, Carolin Kebekus, Lukas Rieger, Caro Cult, Milan Peschel)  &#xD;
Zusätzlich mit den besten Fotos aus dem „Mein Lotta-Leben-Kinofilm“. [Verlagstext]</marc:subfield>
   </marc:datafield>
   <marc:datafield ind1=" " ind2=" " tag="020">
      <marc:subfield code="a">9783401604886</marc:subfield>
      <marc:subfield code="9">9783401604886</marc:subfield>
   </marc:datafield>
   <marc:datafield ind1=" " ind2=" " tag="020">
      <marc:subfield code="a">3401604880</marc:subfield>
      <marc:subfield code="9">3401604880</marc:subfield>
   </marc:datafield>
   <marc:datafield ind1=" " ind2=" " tag="041">
      <marc:subfield code="a">ger</marc:subfield>
   </marc:datafield>
   <marc:datafield ind1=" " ind2=" " tag="300">
      <marc:subfield code="b">Illustrationen</marc:subfield>
   </marc:datafield>
   <marc:datafield ind1=" " ind2=" " tag="338">
      <marc:subfield code="a">Band</marc:subfield>
   </marc:datafield>
   <marc:datafield ind1=" " ind2=" " tag="300">
      <marc:subfield code="a">162 Seiten</marc:subfield>
   </marc:datafield>
</marc:record>
